| 000 | 00629nam a2200217 u 4500 | ||
|---|---|---|---|
| 005 | 20250918064121.0 | ||
| 008 | 120328s2010 r 000 0 eng d | ||
| 020 | _a9786071704702 | ||
| 035 | _aUPN01000183969 | ||
| 049 | _aCG | ||
| 050 | 4 |
_aBF637 S4 _bC3.2 |
|
| 100 | 1 | _aCastro, María del Carmen | |
| 245 | 1 | 0 |
_aCoaching multidimensional / _cMaría del Carmen Castro, Sandra Ocampo. |
| 260 |
_aMéxico : _bTrillas, _c2010. |
||
| 300 |
_a168 p. : _bfígs. |
||
| 650 | 4 |
_aAUTORREALIZACION (PSICOLOGIA) _94106 |
|
| 650 | 4 |
_aAutoaprendizaje _91578 |
|
| 700 | 1 |
_aOcampo, Sandra, _ecoaut. |
|
| 905 | _aLibro | ||
| 999 |
_c156072 _d156072 |
||